Statistiche per COME SI SCRIVE "CIAO" IN ALTRE LINGUE

Clicka qui per fare il quiz!

Statistiche generali

  • Questo quiz è stato fatto 71 volte
  • Il punteggio medio è 9 su 15

Statistiche sulle risposte

LINGUA% Corretto
INGLESEHELLO
97%
SPAGNOLOHOLA
95%
PORTOGHESEOLA
94%
RUMENOALO
84%
TEDESCOHALLO
81%
FRANCESESALUT
78%
SVEDESEHALLA
67%
CINESENI HAO
64%
RUSSOPRIVET
59%
GIAPPONESEKONNICHIWA
55%
EBRAICOSHALOM
53%
HINDINAMASTE
36%
POLACCOCZESC
25%
ARABOMERHABA
20%
TURCOMARHABAAN
9%

Distribuzione punteggi

Percentile per numero di risposta

Percentuale di utenti per punteggio

I tuoi punteggi nel tempo

Non hai fatto questo quiz